000 00205nam a22000977a 4500
082 _a894.812
_bPAT/S
100 _aPATHMANABHAPILLA
245 _aSHABDHATHARAVALI
650 _aMALAYALAM REFERENCE
942 _cBK
999 _c9042
_d9042